Statistics for Rivers of Major US Cities Quiz

Click here to take the quiz!

General Stats

  • This quiz has been taken 48 times
  • The average score is 10 of 16

Answer Stats

CityRiver% Correct
New Orleans, LAMississippi River
98%
New York, NYHudson River
93%
Kansas City, MOMissouri River
91%
Memphis, TNMississippi River
84%
Washington, D.C.Potomac River
84%
Little Rock, ARArkansas River
72%
Pittsburgh, PAOhio River
67%
Grand Junction, COColorado River
63%
Philadelphia, PADelaware River
63%
Omaha, NEMissouri River
63%
Boise, IDSnake River
60%
Boston, MACharles River
51%
Detroit, MIDetroit River
44%
Jacksonville, FLSt. Johns River
28%
Denver, COSouth Platte River
26%
Portland, ORWillamette River
23%

Score Distribution

Percentile by Number Answered

Percent of People with Each Score

Your Score History

You have not taken this quiz